<Die> Geldzeichen der Tschechoslowakei

Salvato in:
Dettagli Bibliografici
Autore principale: Graichen, Günter
Natura: Libro
Lingua:tedesco
Pubblicazione: Berlin Verlag für Verkehrswesen 1983
Tags: Aggiungi Tag
Nessun Tag, puoi essere il primo ad aggiungerne!!

MARC

LEADER 00000nam a2200000 4500
001 c105177
005 20221207065147.0
041 0 |a ger 
044 |a DE 
245 1 0 |a <Die> Geldzeichen der Tschechoslowakei  |c Günter Graichen 
264 1 |a Berlin  |b Verlag für Verkehrswesen  |c 1983 
300 |a 331 s. 
100 1 |a Graichen, Günter